000
00252nam a22001217a 4500
008
171228b xxu||||| |||| 00| 0 eng d
041
_a
eng
080
_a
503.21
100
_a
21
101
_a
enc
245
_a
BRITANICA
_c
WILLIAM..B
942
_2
udc
_c
BK
999
_c
39513
_d
39513